| 000 | 00356nam a22001457a 4500 | ||
|---|---|---|---|
| 005 | 20260227121900.0 | ||
| 008 | 260227b |||||||| |||| 00| 0 eng d | ||
| 041 | _aeng | ||
| 082 | _a515.538 JOS-R | ||
| 245 | _aRASAPRAKASA SUDHAKARA | ||
| 260 |
_aNEW DELHI _bINDIAN NATIONAL SCIENCE ACADEMY _c2010 |
||
| 300 | _a345;P | ||
| 650 |
_aBGP _98859 |
||
| 942 | _cBK | ||
| 999 |
_c9049 _d9047 |
||